000 00404nam a2200157Ia 4500
001 19456
003 IN-NITTTR
005 20251114233224.0
008 251113s9999||||xx |||||||||||||| ||eng||
040 _beng
040 _cIN-NITTTR
041 _aeng
082 _a153.943781G93
245 0 _aGuide to joint CSIR - UGC eligibity test for junior research fellowship and lecturership /
942 _2ddc
_cBK
999 _c22090
_d22090